000 00787cam a2200277 a 4500
005 20260322212032.0
008 data
010 _a 94070439
020 _a0964060558
020 _a0964060566 (soft)
020 _a9780964060555
020 _a9780964060562 (soft)
040 _aMoS
_cMoS
_dDLC
_dDLC
042 _alccopycat
050 0 0 _aGV1853.3.C22
_bD574 1994
082 0 0 _a791/.06/879496
_221
092 _a791.068 D574 1994
100 1 _aKoenig, David.
245 1 0 _aMouse tales :
_ba behind-the-ears look at Disneyland /
_cDavid Koenig.
260 _aIrvine, CA :
_bBonaventure Press,
_cc1994.
300 _a239 p. :
_bill. ;
_c23 cm.
500 _aIncludes index.
650 0 _aAmusement parks
_zCalifornia
_xHistory.
651 0 _aDisneyland (Calif.)
_xHistory.
001 data
999 _c731
_d731